| 000 | 00390nam a22001337a 4500 | ||
|---|---|---|---|
| 005 | 20260212100728.0 | ||
| 008 | 260212b |||||||| |||| 00| 0 eng d | ||
| 020 | _a 0600339165 | ||
| 100 | _aHervey F. George | ||
| 245 |
_aA Guide to Freshwater Aquarium Fishes _c/George F. Hervey |
||
| 260 |
_aLondon; _bHamlyn Publishing Group Limited; _c1973 |
||
| 300 |
_a176p,ill; _c25cm |
||
| 942 |
_2ddc _cBK _n0 |
||
| 999 |
_c153 _d153 |
||